| 000 | 00762 a2200241 4500 | ||
|---|---|---|---|
| 003 | OSt | ||
| 005 | 20230726114311.0 | ||
| 008 | 230207s2016 mx a|||f |||| 001 0 spa d | ||
| 020 | _a9786076227268 (Alfaomega) | ||
| 020 | _a9788426723277 (Marcombo) | ||
| 040 | _cCHAP | ||
| 082 | 0 | 0 |
_222 _a005.4565 _bA65 2016 |
| 245 | 0 | 0 |
_aAprender Access 2016: _bcon 100 ejercicios prácticos / |
| 264 | 1 |
_aMéxico: _bAlfaomega: _bMarcombo, _c2016. |
|
| 300 |
_a215 páginas: _bIlustraciones. |
||
| 490 | 1 | _aComputación. | |
| 500 | _aContiene 100 ejercicios prácticos | ||
| 504 | _aIncluye índice | ||
| 650 | 4 |
_9413 _aMicrosoft Access |
|
| 650 | 4 |
_9147206 _aAdministración de bases de datos |
|
| 830 |
_9187641 _aComputación. _pProgramación. |
||
| 942 |
_cLibro _2ddc |
||
| 999 |
_c218283 _d218283 |
||